Quality of Service (QoS)-based management of preempted traffic in MPLS networks /
Saved in:
| Main Author: | |
|---|---|
| Format: | Thesis |
| Language: | English |
| Published: |
Gombak :
International Islamic University Malaysia,
2002.
|
| Subjects: | |
| Tags: |
Add Tag
No Tags, Be the first to tag this record!
|
| LEADER | 018340000a22003850004500 | ||
|---|---|---|---|
| 001 | 262232 | ||
| 005 | 20230420131512.0 | ||
| 008 | 030807s2002 my a g 000 0 eng d | ||
| 035 | |a (Sirsi) 262232 | ||
| 040 | |a UIAM |b eng | ||
| 041 | 0 | |a eng | |
| 043 | |a a-my--- | ||
| 050 | 0 | 0 | |a TK5105.5 |
| 100 | 1 | |a Maliha, Ayman Fayez Mahmoud |9 121574 | |
| 245 | 1 | 0 | |a Quality of Service (QoS)-based management of preempted traffic in MPLS networks / |c by Ayman Fayez Mahmoud Maliha. |
| 260 | |a Gombak : |b International Islamic University Malaysia, |c 2002. | ||
| 300 | |a xvii, 133 lvs. : |b ill. ; |c 30 cm. | ||
| 336 | |2 rdacontent | ||
| 337 | |2 rdamedia | ||
| 338 | |2 rdacarrier | ||
| 502 | |a Thesis (M.Sc.CIE)--International Islamic University Malaysia, 2002 | ||
| 502 | |a "A thesis submitted in partial fulfillment of the requirement for the degree of Master of Science in Computer and Information Engineering." -- On t.p | ||
| 504 | |a Includes bibliographical references (leaves 113-116). | ||
| 650 | 0 | |a Telecommunication |x Traffic Management |9 72561 | |
| 650 | 0 | |a Telecommunication |x Customer services |9 121576 | |
| 650 | 0 | |a Telecommunication |x Quality control |9 121577 | |
| 650 | 0 | |a MPLS standard |9 116501 | |
| 655 | 0 | 7 | |a Theses, IIUM local |
| 690 | 0 | |a Dissertations, Academic |x Department of Electrical and Computer Engineering |z IIUM | |
| 710 | 2 | |a International Islamic University Malaysia. |b Department of Electrical and Computer Engineering | |
| 900 | |a bib-mbs-hj-nap-za | ||
| 942 | |2 lcc |n 0 | ||
| 999 | |c 432032 |d 466715 | ||
| 952 | |0 0 |6 LU T TK 5105.5 M251Q 2002 |7 0 |8 THESES |9 751928 |a IIUM |b IIUM |c CLOSEACCES |g 0.00 |o lu t TK 5105.5 M251Q 2002 |p 00000842003 |r 2017-10-25 |t 1 |v 0.00 |y THESIS | ||
| 952 | |0 0 |6 T TK 005105.5 M251Q 2002 |7 0 |8 THESES |9 753207 |a IIUM |b IIUM |c MULTIMEDIA |g 0.00 |o t TK 5105.5 M251Q 2002 |p 11100325115 |r 2017-10-20 |t 1 |v 0.00 |y THESIS | ||
